Catálogo

Notas de platería / (Registro nro. 56951)

Detalles MARC
000 -LEADER
fixed length control field 01273cam a2200313 i 4500
001 - CONTROL NUMBER
control field 56951
003 - CONTROL NUMBER IDENTIFIER
control field Mx-PuUPA
005 - DATE AND TIME OF LATEST TRANSACTION
control field 20220310133503.0
008 - FIXED-LENGTH DATA ELEMENTS--GENERAL INFORMATION
fixed length control field 140415s1988 mx a gr 000 0 spa d
020 ## - INTERNATIONAL STANDARD BOOK NUMBER
International Standard Book Number 9683901417
040 ## - CATALOGING SOURCE
Original cataloging agency Mx-PuUPA
Language of cataloging spa
Transcribing agency Mx-PuUPA
Modifying agency Mx-PuUPA
Description conventions rda
041 0# - LANGUAGE CODE
Language code of text/sound track or separate title spa
100 1# - MAIN ENTRY--PERSONAL NAME
Personal name Valle-Arizpe, Artemio de,
Dates associated with a name 1888-1961
Relator term autor
9 (RLIN) 12211
245 10 - TITLE STATEMENT
Title Notas de platería /
Statement of responsibility, etc. Artemio de Valle-Arizpe ; prólogo, glosario y selección de piezas Virginia Armella de Aspe ; fotografías, Sebastián Saldívar ; editor, Corporación Industrial Sanluis
264 #1 - PRODUCTION, PUBLICATION, DISTRIBUTION, MANUFACTURE, AND COPYRIGHT NOTICE
Place of production, publication, distribution, manufacture México, D.F. :
Name of producer, publisher, distributor, manufacturer Editorial Patria,
Date of production, publication, distribution, manufacture, or copyright notice ©1988
300 ## - PHYSICAL DESCRIPTION
Extent 243 páginas :
Other physical details fotografías (a color) ;
Dimensions 28 cm.
336 ## - CONTENT TYPE
Fuente rdacontent
Content type term texto
Content type code txt
337 ## - MEDIA TYPE
Source rdamedia
Media type term sin medio
Media type code n
338 ## - CARRIER TYPE
Source rdacarrier
Carrier type term volumen
Carrier type code nc
650 #7 - SUBJECT ADDED ENTRY--TOPICAL TERM
Topical term or geographic name entry element Platería
Geographic subdivision México
General subdivision Historia
Source of heading or term armarc
650 #7 - SUBJECT ADDED ENTRY--TOPICAL TERM
Topical term or geographic name entry element Orfebrería
Geographic subdivision México
General subdivision Historia
Chronological subdivision Siglo XIX
700 1# - ADDED ENTRY--PERSONAL NAME
Personal name Armella de Aspe, Virginia,
Relator term prologuista
700 1# - ADDED ENTRY--PERSONAL NAME
Personal name Saldívar, Sebastián,
Relator term fotografías
710 2# - ADDED ENTRY--CORPORATE NAME
Corporate name or jurisdiction name as entry element Corporación Industrial Sanluis,
Relator term editor
942 ## - ADDED ENTRY ELEMENTS (KOHA)
Source of classification or shelving scheme Dewey Decimal Classification
Koha item type Libro
Classification part 739.230972
Item part V135
Existencias
Withdrawn status Lost status Source of classification or shelving scheme Damaged status Not for loan Collection code Home library Current library Shelving location Date acquired Source of acquisition Total Checkouts Full call number Barcode Date last seen Price effective from Koha item type
    Dewey Decimal Classification     General Biblioteca Karol Wojtyla Biblioteca Karol Wojtyla Sala general 03/12/2013 Compra   739.230972 V135 1988 86061 05/01/2026 03/12/2013 Libro